Writing from within
Kaydedildi:
| Yazar: | |
|---|---|
| Materyal Türü: | Kitap |
| Dil: | Undetermined |
| Baskı/Yayın Bilgisi: |
Cambridge, UK
Cambridge Univ. Press
2001
|
| Konular: | |
| Etiketler: |
Etiketle
Etiket eklenmemiş, İlk siz ekleyin!
|
| Thư viện lưu trữ: | Trung tâm Học liệu Trường Đại học Cần Thơ |
|---|
| LEADER | 00548nam a2200205Ia 4500 | ||
|---|---|---|---|
| 001 | CTU_57221 | ||
| 008 | 210402s9999 xx 000 0 und d | ||
| 020 | |b 155000 | ||
| 082 | |a 808.066 | ||
| 082 | |b G232 | ||
| 100 | |a Arlen Gargagliano | ||
| 245 | 0 | |a Writing from within | |
| 245 | 0 | |c Arlen Gargagliano and Curtis Kelly | |
| 260 | |a Cambridge, UK | ||
| 260 | |b Cambridge Univ. Press | ||
| 260 | |c 2001 | ||
| 650 | |a english language | ||
| 650 | |x written english | ||
| 904 | |i Minh | ||
| 980 | |a Trung tâm Học liệu Trường Đại học Cần Thơ | ||